ロード中...
| LEADER | 00488cam a2200145ua 4500 | ||
|---|---|---|---|
| 008 | 101124t2006||||||||||| 00 ||||| c | ||
| 082 | |a 305.42 |b TRA | ||
| 245 | 1 | 0 | |a Trauma and the triumph: gender and partition in Eastern India / |
| 260 | |a Kolkata: |b Stree, |c 2006. | ||
| 300 | |a 272p.. | ||
| 362 | 1 | |a 2006. | |
| 650 | 0 | |a Women | |
| 942 | |c BK | ||
| 999 | |c 24128 |d 24128 | ||
| 952 | |0 0 |1 0 |4 0 |6 305_420000000000000_TR |7 0 |9 25672 |a KUCL |b KUCL |d 2014-05-23 |l 2 |m 2 |o 305.42 TR |p 24631 |r 2020-10-27 |s 2020-05-21 |w 2014-05-23 |y BK | ||